Zein el-Asnam : conte des Mille & une nuits /
محفوظ في:
مؤلفون آخرون:
التنسيق: كتاب
اللغة:
French
Arabic
English
منشور في:
Paris :
E. Leroux,
1889.
الموضوعات:
الوسوم: إضافة وسم
لا توجد وسوم, كن أول من يضع وسما على هذه التسجيلة!
رقم الطلب: ( R )PJ7712 .G8 1889
| LEADER | 01268nam a2200337I 4500 | ||
|---|---|---|---|
| 001 | 7394 | ||
| 003 | OSt | ||
| 005 | 20200601084433.0 | ||
| 008 | 130303s1889 fr g 000 0 fre d | ||
| 952 | |0 0 |1 0 |2 lcc |4 0 |7 1 |9 2471 |a ARCE |b ARCE |d 2020-06-01 |l 0 |o ( R )PJ7712 .G8 1889 |r 2020-06-01 00:00:00 |w 2020-06-01 |y BK | ||
| 999 | |c 4707 |d 4707 | ||
| 035 | |a ocm04433514 | ||
| 040 | |c ARCE Library | ||
| 041 | 0 | |a ara |a eng |a fre | |
| 050 | 0 | 4 | |a ( R )PJ7712 .G8 1889 |
| 130 | 0 | |a Arabian nights. |l Arabic. | |
| 245 | 1 | 0 | |a Zein el-Asnam : |b conte des Mille & une nuits / |c extrait des manuscrits de la Bibliothèqe nationale, texte arabe entièrement vocalisé, et vocabulaire arabe, anglais et français des mots contenus dans le texte par Florence Groff. |
| 264 | 1 | |a Paris : |b E. Leroux, |c 1889. | |
| 300 | |a [7], 49, [3], 39 pages ; |c 24 cm. | ||
| 336 | |a text |b txt |2 rdacontent | ||
| 337 | |a unmediated |b n |2 rdamedia | ||
| 338 | |a volume |b nc |2 rdacarrier | ||
| 500 | |a Autographed. | ||
| 650 | 0 | |a Arabic language |v Texts. | |
| 700 | 1 | |a Groff, Florence. |9 31136 | |
| 901 | |a reviewed | ||
| 907 | |a .b24416307 |b 02-04-08 |c 01-30-08 | ||
| 942 | |c BK |2 lcc | ||
| 945 | |g 1 |i mq242179 |l 1arce |o z |p $0.00 |q |r |s w |t 0 |u 0 |v 0 |w 0 |x 0 |y .i31492563 |z 02-04-08 | ||
| 949 | |c arcesim | ||
| 998 | |b 01-30-08 |c m |d - |i 1 | ||
